Overcoming obstacles to liberalization of the telecom sector in Estonia, Poland, the Czech Republc, Slovenia, and Hungary: and overview of key policy concerns and potential initiatives to facilitate the transition process (Record no. 278715)

000 -LEADER
fixed length control field 00705cam a22001577a 4500
008 - FIXED-LENGTH DATA ELEMENTS--GENERAL INFORMATION
fixed length control field 180718b1999 xxu||||| |||| 00| 0 eng d
082 ## - DEWEY DECIMAL CLASSIFICATION NUMBER
Classification number W7x4 B83
100 ## - MAIN ENTRY--PERSONAL NAME
Personal name Bruce, Robert
245 ## - TITLE STATEMENT
Title Overcoming obstacles to liberalization of the telecom sector in Estonia, Poland, the Czech Republc, Slovenia, and Hungary: and overview of key policy concerns and potential initiatives to facilitate the transition process
Statement of responsibility, etc. by Robert Bruce, Ioannis Kessides and Lather Kneifel
260 ## - PUBLICATION, DISTRIBUTION, ETC.
Place of publication, distribution, etc. Washington, D.C.
Name of publisher, distributor, etc. World Bank
Date of publication, distribution, etc. 1999
300 ## - PHYSICAL DESCRIPTION
Extent 36p.
440 ## - SERIES STATEMENT/ADDED ENTRY--TITLE
Title World Bank technical paper no., 440
650 ## - SUBJECT ADDED ENTRY--TOPICAL TERM
Topical term or geographic name entry element Telecommunication policy - Europe, Eastern
700 ## - ADDED ENTRY--PERSONAL NAME
Personal name Kneifel, Lothar
700 ## - ADDED ENTRY--PERSONAL NAME
Personal name Kessides, Ioannis
Holdings
Withdrawn status Lost status Damaged status Not for loan Permanent Location Current Location Date acquired Full call number Barcode Date last seen Price effective from Koha item type
        Indian Institute of Public Administration Indian Institute of Public Administration 1999-12-22 W7x4 B83 WB8243 2018-07-20 2018-07-20 WB

Powered by Koha